Quizzes
Events
Quiz Creation
Community
Videos
Private Events
Remove Ads
Sign In
Join for FREE
Feedback
Dark Mode
Quiz Categories
Sports
Geography
Music
Movies
Television
Just For Fun
Miscellaneous
History
Literature
Language
Science
Gaming
Entertainment
Religion
Holiday
For Kids
Quiz Lab
Recent
Popular Today
Quiz Kudos Today
Editor Picks
Curator Picks
Quizzes by...
Day
Popularity
Type
Ratings
Length
Year
Community
Subscriptions
Recent Discussions
Orange Saloon
Badges
Playlists
Quests
Create
Leaderboards
Showdown
Live 5
Trivia Bingo
Activity
Puzzle Library
Sporcle Events
Private Events
Virtual Trivia
Globe League
Become a Host
Pub Owners
SporcleCon
Opinionation
Our Games
Videos
Blog
Mobile Apps
Partnerships
Remove Ads and Go Orange
Feedback
Gaming
Video Games
Board Games
Card Games
Pokémon
Mario
Nintendo
Minecraft
Console
Toys
Legend of Zelda
Gaming
Video Games
Board Games
Card Games
Pokémon
Mario
Nintendo
Minecraft
Console
Toys
Legend of Zelda
Random Quiz
Search Sporcle
×
Quiz Lab
Quiz Lab
Gaming
Pokémon
Type in answers that appear in a list
Type in answers that appear in a list
Classic
Best Score? Go Orange.
Oh! A Bite! A Pokémon's on the hook! Stats
Can you name the Pokémon can be found by fishing?
By
ha_ehk
4m
39 Questions
1,513 Plays
1,513 Plays
1,513 Plays
Comments
Comments
Give Quiz Kudos
Give Quiz Kudos
-
- Ratings
hide this ad
More Info
Replay
Link that replays current quiz
Next Quiz
Link to next quiz in quiz playlist
You Got
0%
They Got
Avg Score
59%
Avg Friend Score
Upgrade to see
Score Distribution
Jump to the score distribution portion of the page
Score
0/39
Timer
04:00
0
Plays Today
Dex No.
Pokémon
% Correct
129
Magikarp
96.8%
118
Goldeen
87.2%
130
Gyarados
84.1%
119
Seaking
83.6%
72
Tentacool
73.8%
73
Tentacruel
72.8%
60
Poliwag
71.1%
116
Horsea
71.1%
120
Staryu
71.1%
117
Seadra
70.3%
61
Poliwhirl
70%
147
Dratini
68.5%
148
Dragonair
67%
90
Shellder
64.4%
54
Psyduck
63.6%
98
Krabby
62.3%
349
Feebas
61.7%
99
Kingler
61.3%
79
Slowpoke
54.3%
80
Slowbro
54.1%
Dex No.
Pokémon
% Correct
320
Wailmer
53.9%
171
Lanturn
53.4%
321
Wailord
53.1%
170
Chinchou
53%
223
Remoraid
52.4%
319
Sharpedo
50.7%
224
Octillery
49.2%
318
Carvanha
48.1%
222
Corsola
47.3%
369
Relicanth
47.3%
456
Finneon
45.8%
370
Luvdisc
45.6%
211
Qwilfish
45.3%
457
Lumineon
44.9%
366
Clamperl
44.5%
339
Barboach
40.9%
341
Corphish
40.8%
342
Crawdaunt
40%
340
Whiscash
39.7%
Quiz Playlist
Details
Report
Send in Message
Add To Playlist
More Info:
This is a list of Pokémon can be found by old, good and super rods in all generations.
Classic:
Type in answers that appear in a list
Last Updated: Feb 16, 2017
Quiz Scoreboard
CHALLENGE
Sign Up to Join the Scoreboard
Show All
Scores
Hide
Comments
May contain spoilers
Recently Published
NBA Finals Game Top Scorers (2010s)
by flibbidy
Sports
5m
Guess the 'R' Things in 3 Words
by MSUKent
Miscellaneous
3m
Actor to Badly Drawn Movie III
by MoMosMoProblems
Movies
5m
More to Explore
Quiz From the Vault
Featured Blog Post
Where Does Lost Luggage Go?
hide this ad
You Might Also Like...
Tags
Pokémon Quiz
bite
caught
Dex
Fishing
hook
rod
Today's Top Quizzes in Gaming
Browse Gaming
hide this ad
Today's Top Quizzes in Pokémon
Browse Pokémon
Top Contributed Quizzes in Gaming
1
Video Game Rainbow Blitz
2
Genshin Impact Logic Puzzle
3
Genshin Impact Logic Puzzle Quiz
4
Pokémon Gen IV Logic Puzzle (HARD)
5
Rainbow Six Siege Operators by Picture
6
Magic: the Gathering Set Symbols - LCI
7
Ordering Roman Numerals: Pokémon
8
St. Patrick's Pick: Gaming
9
Ultimate Genshin Impact Logic Puzzle (up to 4.3)
10
Wii Remote Buttons
Explore More
Trending Topics
NBA
Marvel
Kpop
Anime
Harry Potter
Disney
Crossword
WWE
Soccer
Puzzle
Song
Country
The Office
NFL
Pokémon
hide this ad
More By:
ha_ehk
Quiz
Plays
Rating
Category
Featured
Created
Coldest Countries on Earth
241,595
4.55
Geography
May 28, 2010
Hottest Countries on Earth
141,915
4.52
Geography
May 29, 2010
Coldest World Capitals
9,618
4.60
Geography
Oct 11, 2011
Hardest Pokémon To Catch
5,547
4.32
Gaming
Mar 18, 2010
Team Rocket Pokémon
5,118
3.73
Gaming
Mar 30, 2010
Go to Creator's Profile
Score Distribution
Quiz Creator Spotlight
ha_ehk
Follow
Send a Message
Quizzes Created
-
Created Quiz Play Count
-
More By This Creator
Popular Quizzes Today
1
Find the US States - No Outlines Minefield
2
Find the US States
3
The Countries of the World
4
10 Largest US States in Order
5
Find the Countries of Europe - No Outlines Minefield
6
US States
7
Guess the 'R' Things in 3 Words
8
NBA Finals Game Top Scorers (2010s)
More Gaming Quizzes
Golden Sun Characters by Picture
Quiz Lab
Trending Quizzes
First Name TV: Leading Men
Match the Book to the Film II
3-Word Movies in 1 Word II
First Name TV: Leading Women Drama
Match the Book to the Film VI
Recently Updated
Women's Final Four Teams by Year
bhenderson79
Presidents Quartet II
eogle
Anything But Clue(do)
eogle
Anything But Oceanian Capitals
eogle
Anything But 7
eogle
Anything But Thing
eogle
Word Ladder: February 29
pecheneg
Song Title Questions
pecheneg
Women's NCAA Tournament #1 Seeds
pecheneg
Celebrity Mug Shots
pecheneg
Trending Topics
Disney
Anime
Harry Potter
Kpop
Marvel
Crossword
NBA
Puzzle
Pokémon
NFL
WWE
The Office
Country
Song
Soccer
Your Account Isn't Verified!
In order to create a playlist on Sporcle, you need to verify the email address you used during registration. Go to your
Sporcle Settings
to finish the process.
Report this User
Report this user for behavior that violates our
Community Guidelines
.
Details:
Send Report
Go to the Sporcle.com Mobile Site →
Comments